000 01017cam a2200217 4500
001 ABS65129
008 020306n2002 000 0 eng u
035 _a(Sirsi) u117028
100 _aLongbottom, J.
245 _aWhat's in an arbitration clause?
260 _c2002
490 _aSurveying News
_v11(1) January 2002, 16-19(4)
520 _aExamines the process of arbitration highlighting the appointment of an arbitrator, when to go to arbitration, where, and a detailed list of how. Concludes that an arbitration agreement should cater for the parties' requirements. More information e [email protected]
590 _aABS
650 _aMANAGEMENT-DISPUTE AVOIDANCE, MANAGEMENT AND RESOLUTION-DISPUTE MANAGEMENT AND RESOLUTION-ARBITRATION
650 _aMEDIATION
650 _aMANAGEMENT-DISPUTE AVOIDANCE, MANAGEMENT AND RESOLUTION-DISPUTE MANAGEMENT AND RESOLUTION-ALTERNATIVE DISPUTE RESOLUTION-ADJUDICATION
650 _aEXPERT DETERMINATION
690 _aDispute resolution
_96236
942 _n0
999 _c69718
_d69718